000 00436nam a22001577a 4500
020 _a9788123915425
050 _aTP248.215
_b.F86 2005
100 _aMichael Fumento
245 _aBiotechnology
_bHow it is changing our world
250 _a1st Edition
260 _aMumbai
_bJaico Publishing House
_c2005
300 _aix;510p.
500 _aIncludes Index
650 _bBiotechnology, Genetic engineering
_vbook
_xhard cover
942 _cGEN
999 _c541
_d541